Villes traversées par l'autoroute A30 - autoroute vallée de la Fensch - Statistiques

Statistiques générales
  • Ce quiz a été pris 25 fois
  • Le résultat moyen est 3 sur 5
Statistiques - réponses
ville population kilomètre % Correct
Thionville 42 926 4
88%
Longwy 15 605 40
81%
Hayange 16 112 10
75%
Fameck 15 337 5
56%
Villerupt 10 343 29
44%
Aucun quiz correspondant
Distribution des résultats
% des personnes avec chaque résultat
Percentile par nombre de réponses
Votre historique - résultats
Vous n’avez pas pris ce quiz